000 01721nam0a2200325 4500
001 RU\NLR\BIBL_A\022674459
005 20260420060706.0
010 _a978-5-907487-77-2
_9500
021 _aRU
_bКН-П-25-062256
_9КН-П-25-6016
035 _a(NLR Aleph) 022674459
090 _a13686359
_c13686359
100 _a20251128d2025 u y0rusy50 ca
101 0 _arus
102 _aRU
105 _aachbj 000yy
181 0 _ai3
_baxxe
182 0 _an
200 1 _aКультура Таджикистана
_eучебное пособие
_fВ. В. Маркин, В. А. Скопа
_gМинистерство просвещения Российской Федерации, Федеральное государственное бюджетное образовательное учреждение высшего образования "Алтайский государственный педагогический университет" (ФГБОУ ВО "АлтГПУ")
203 _aТекст
_bвизуальный
_cнепосредственный
210 _aБарнаул
_cФГБОУ ВО "АлтГПУ"
_d2025
215 _a247 с.
_cил., цв. ил., портр., факс., карты
_d21
320 _aБиблиогр.: с. 230-247 и в подстроч. примеч.
607 _aТаджикистан
_jУчебно-методические пособия
_xКультура
_92697517
_3RU\NLR\AUTH\6601766509
686 1 _aТ3(5Тад)0-7я7
700 1 _aМаркин
_bВ. В.
_gВладимир Васильевич
701 1 _aСкопа
_bВ. А.
_gВиталий Александрович
942 _cBOOK
980 _aNB